[Event "Olympiad-42"]
[Site "Baku"]
[Date "2016.09.10"]
[Round "8.1"]
[White "Fier, Alexandr"]
[Black "Nikolov, Momchil"]
[Result "1-0"]
[WhiteElo "2634"]
[BlackElo "2585"]
[Annotator "Fier,A"]
[PlyCount "125"]
[EventDate "2016.09.02"]
[EventType "team-swiss"]
[EventRounds "11"]
[EventCountry "AZE"]
[SourceTitle "CBM 175"]
[Source "ChessBase"]
[SourceDate "2016.11.10"]
[SourceVersion "1"]
[SourceVersionDate "2016.11.10"]
[SourceQuality "1"]
[WhiteTeam "Brazil"]
[BlackTeam "Bulgaria"]
[WhiteTeamCountry "BRA"]
[BlackTeamCountry "BUL"]
[TimeControl "40/5400+30:1800+30"]

1. d4 {[%emt 0:00:00]} Nf6 {[%emt 0:00:00]} 2. c4 {[%emt 0:00:00]} e6 {[%emt 0:
00:00]} 3. Nf3 {[%emt 0:00:00]} d5 {[%emt 0:00:00]} 4. Nc3 {[%emt 0:00:00]} c5
{[%emt 0:00:08]} 5. e3 {[%emt 0:00:00]} Nc6 {[%emt 0:01:12]} 6. cxd5 {[%emt 0:
00:00]} exd5 {[%emt 0:02:49]} 7. Bb5 {[%emt 0:00:00]} cxd4 {[%emt 0:06:37]} 8.
Nxd4 {[%emt 0:04:12]} Bd7 {[%emt 0:00:40] During the game I was trying to
understand how to play this position with reversed colours, coming from a
Caro-Kann, but without much success.} 9. O-O {[%emt 0:00:09]} Bd6 {[%emt 0:03:
53]} 10. Nf3 Be6 {[%emt 0:12:06]} 11. b3 {[%emt 0:08:23]} O-O {[%emt 0:01:22]}
12. Bb2 {[%emt 0:00:03]} a6 {[%emt 0:02:20]} 13. Bxc6 {[%emt 0:07:19] I
decided to go for a more forcing line, trying to not lose time withdrawing the
bishop. This exchange is also typical of the Nimzo-Indian.} (13. Be2 Rc8 14.
Rc1 Re8 {Smyslov,V-Petrosian,T Herceg Novi blitz 1970 0-1 is also playable for
both sides and it has been played in a blitz game between two World Champions!}
) 13... bxc6 {[%emt 0:00:07]} 14. Rc1 {[%emt 0:00:01]} c5 {[%emt 0:03:32] If
Black is able to keep the structure like this without bigger problems the
position is more than fine, so I have to attack the pawns immediately.} 15. Na4
{[%emt 0:01:10]} Ne4 {[%emt 0:01:58]} 16. Nd2 {[%emt 0:02:21]} Qh4 {[%emt 0:16:
32]} (16... Nxd2 {was probably better and I was thinking of something like
this:} 17. Qxd2 Rc8 18. Ba3 Qe7 19. Nb6 $5 (19. Qa5 c4 20. Bxd6 Qxd6 21. Qd2 {
is a complex endgame with pluses for both sides.}) 19... Bxh2+ 20. Kxh2 Qd6+
21. f4 Qxb6 22. f5 Qd6+ 23. Kg1 Bd7 24. f6 {with an enjoyable mess.}) 17. f4 {
[%emt 0:02:49]} (17. g3 {weakens the kingside but it's also ok} Qe7 (17... Nxg3
{gives nothing:} 18. hxg3 Bxg3 19. Nf3 $18) 18. Nxe4 dxe4 19. Qc2 Bh3 20. Rfd1
{and if White doesn't get mated he is better.}) 17... Bg4 {[%emt 0:05:11]} 18.
Nf3 {[%emt 0:00:28]} Qh5 {[%emt 0:00:40]} 19. Nb6 {[%emt 0:01:35] I have the
feeling that my opponent missed this idea.} Rad8 {[%emt 0:03:18]} 20. Qxd5 {
[%emt 0:00:37] After this I thought I was much better, but finally things are
not so simple.} Bf5 {[%emt 0:09:36]} (20... Rfe8 21. Qxh5 Bxh5 22. Rfd1 f6 23.
Na4 {would also give an advantage for White, but things are far from over.
Black's pieces are quite active.}) 21. Qc6 {[%emt 0:00:37]} Qh6 {[%emt 0:12:53]
} 22. Be5 {[%emt 0:00:56]} Qe6 {[%emt 0:00:53]} 23. Nc4 {[%emt 0:04:36]
Missing my opponent's reply.} (23. Rfd1 Bxe5 24. Nxe5 Rxd1+ 25. Rxd1 f6 26.
Qxe6+ Bxe6 27. Nc6 {with a healthy pawn up.}) 23... Rc8 {[%emt 0:02:29]} 24.
Qa4 {[%emt 0:00:37]} (24. Qxa6 Ra8 25. Qc6 Bxe5 26. Qxe6 Bxe6 27. fxe5 Rxa2)
24... Be7 {[%emt 0:01:17] Now my pieces are not so well coordinated, but also
it's not clear what is going to be Black's plan.} 25. Ba1 {[%emt 0:03:36]
Avoiding 25...f6.} h5 {[%emt 0:00:55]} (25... f6 26. Nh4 {and without the
bishop, Black has no compensation.} Bg4 $2 27. f5 Qd5 28. Nb6 $18) 26. Nce5 {
[%emt 0:03:13]} h4 {[%emt 0:04:48]} 27. Qc4 {[%emt 0:00:38]} h3 $6 {[%emt 0:01:
41] Forcing me to enter a line that is good for White.} (27... Rfd8 28. h3 Bf6
{and I'm slightly better, but I was not sure about what to do next.}) 28. g4 $1
{[%emt 0:00:37]} Bxg4 {[%emt 0:01:28]} 29. Qxe4 {[%emt 0:00:05]} f6 {[%emt 0:
00:31]} 30. Qc4 {[%emt 0:01:11] A solid way to play, but now Black still has
some compensation for the pawn.} (30. Nh4 $1 {was not so easy to see} fxe5 31.
f5 Qc6 (31... Qh6 32. Ng6 Bg5 33. Rce1 (33. Qxg4 Bxe3+ 34. Kh1 Bxc1 35. f6 Bg5
{is less clear}) 33... Bh5 34. Nxf8 {with decisive advantage.}) 32. Qxg4 Bxh4
33. Bxe5 Bf6 34. Bxf6 Qxf6 35. Qxh3 {and White is just two pawns up.}) 30...
fxe5 {[%emt 0:00:09]} 31. Nxe5 Qxc4 {[%emt 0:01:22]} 32. Nxc4 {[%emt 0:00:51]}
Bf5 $2 {[%emt 0:01:33]} (32... g5 {was what I expected} 33. Ne5 (33. Be5 gxf4
34. exf4 $14) 33... Bf5 34. fxg5 Bxg5 35. Rf3 $14) 33. e4 {[%emt 0:00:24]} Bd7
{[%emt 0:01:39]} 34. Nb6 {[%emt 0:00:30] I was playing a bit too quickly and
went for a plan that doesn't work.} (34. f5 Bb5 35. e5 $18) 34... Rcd8 {
[%emt 0:00:06]} 35. Nxd7 $6 {[%emt 0:02:45]} (35. Nd5 Bd6 36. Rc3 Bc6 37. Rg3 {
is the best way to proceed and White should win.}) 35... Rxd7 {[%emt 0:00:01]}
36. Rc3 $6 {[%emt 0:00:05]} (36. Be5 Rd2 37. Rf2 Rfd8 38. Rc3 Rd1+ 39. Rf1 R1d3
{and it's not easy for White to prove the advantage.}) 36... Rd2 {[%emt 0:00:
33]} (36... Bf6 $1 {I saw this immediately when I played} 37. e5 (37. Rcf3 Bxa1
38. Rxa1 Rd2 39. e5 g5 40. f5 Rg2+ 41. Kh1 g4 42. Rff1 Rd8 {with a probable
draw.}) 37... Bxe5 38. fxe5 Rxf1+ 39. Kxf1 Rd1+ 40. Kf2 Rxa1 41. a4 Ra3 42.
Rxc5 Rxb3 43. Ra5 g5 44. Rxa6 Kg7 {and I think Black should hold}) 37. Rxh3 {
[%emt 0:00:18]} Rxa2 {[%emt 0:01:47]} 38. Rg3 {[%emt 0:00:12]} Rf7 {[%emt 0:01:
05]} 39. f5 {[%emt 0:00:05]} Bd6 {[%emt 0:01:34]} 40. Rg2 {[%emt 0:00:00]}
Rxg2+ {[%emt 0:00:00]} 41. Kxg2 {[%emt 0:00:11] Finally we reached move 40 and
Black's position is hopeless.} Rb7 {[%emt 0:08:45]} 42. e5 {[%emt 0:00:49]} Be7
{[%emt 0:00:23]} 43. Rf3 {[%emt 0:00:34]} Rb4 {[%emt 0:00:23]} 44. Rg3 {
[%emt 0:02:06]} Kf8 {[%emt 0:02:38]} 45. e6 {[%emt 0:00:34]} Bf6 {[%emt 0:00:
42]} 46. Bxf6 {[%emt 0:00:16]} gxf6 {[%emt 0:00:02]} 47. Rc3 {[%emt 0:03:51] A
solid continuation, I thought I could take the pawn on f6, but it is better to
play without risk.} (47. Rg6 Rxb3 48. Rxf6+ Ke8 49. Rf7 c4 50. h4) 47... Rb5 {
[%emt 0:00:59] Tricky, threatening ...c4 in some variations.} 48. Kg3 {[%emt 0:
04:16]} Ke7 {[%emt 0:05:29]} (48... c4 {is not enough} 49. bxc4 Rxf5 50. c5 Ke7
51. c6 Kd8 52. c7+ Kc8 53. Re3 Rg5+ 54. Kf4 Rg8 55. e7 Re8 56. Kf5 $18) 49. Kg4
{[%emt 0:00:11]} Kd6 {[%emt 0:10:27]} 50. Rd3+ {[%emt 0:00:39]} Ke7 {[%emt 0:
00:14]} 51. Rd5 {[%emt 0:11:48] Entering a winning queen endgame.} Ke8 {
[%emt 0:04:54]} 52. Kh5 {[%emt 0:04:00]} c4 {[%emt 0:00:42]} 53. bxc4 {[%emt 0:
00:02]} Rxd5 {[%emt 0:00:09]} 54. cxd5 {[%emt 0:00:02]} a5 {[%emt 0:00:13]} 55.
d6 {[%emt 0:00:04]} a4 {[%emt 0:00:05]} 56. d7+ {[%emt 0:00:04]} Ke7 {[%emt 0:
00:49]} 57. Kg6 {[%emt 0:00:04]} a3 {[%emt 0:00:19]} 58. d8=Q+ {[%emt 0:00:03]}
Kxd8 {[%emt 0:00:07]} 59. Kf7 {[%emt 0:00:02]} a2 {[%emt 0:00:10]} 60. e7+ {
[%emt 0:00:02]} Kc7 {[%emt 0:00:07]} 61. e8=Q {[%emt 0:00:04]} a1=Q {[%emt 0:
00:10]} 62. Qe7+ {[%emt 0:00:02]} Kb8 {[%emt 0:00:21]} 63. h4 {[%emt 0:01:01]}
1-0

[Event "Interzonal-15"]
[Site "Manila"]
[Date "1990.??.??"]
[Round "3"]
[White "Mascarinas, Rico"]
[Black "Arencibia Rodriguez, Walter"]
[Result "1/2-1/2"]
[WhiteElo "2465"]
[BlackElo "2555"]
[Annotator "Ftacnik,L"]
[PlyCount "51"]
[EventDate "1990.06.29"]
[EventType "swiss"]
[EventRounds "13"]
[EventCountry "PHI"]
[SourceTitle "CBM 019"]
[Source "ChessBase"]
[SourceDate "1990.12.01"]
[SourceVersion "1"]
[SourceVersionDate "1990.12.01"]
[SourceQuality "1"]

1. Nf3 d5 2. d4 e6 3. c4 c5 4. cxd5 exd5 5. Bg5 f6 6. Bf4 {+/= ECO} (6. Be3 c4
7. g3 Bb4+ 8. Bd2 Bxd2+ 9. Qxd2 Ne7 10. Bg2 O-O $10 {Kortchnoi,V-Grigorjan,K/
USSR/1967/}) 6... Nc6 7. Nc3 g5 $5 8. Bg3 Bf5 $1 (8... g4 9. Nd2 Nxd4 (9...
cxd4 10. Nb5) 10. e4 (10. e3 Nf5 11. Qxg4 Nxg3 12. Qxg3 $36) 10... dxe4 11. Bc4
$40) 9. e3 (9. dxc5 $2 d4 10. Na4 Qa5+ 11. Nd2 b5 12. cxb6 axb6 13. b3 Nb4)
9... c4 10. Be2 Bb4 11. O-O Nge7 12. Nd2 O-O 13. e4 (13. Bg4 $5 Qd7 14. Bxf5
Qxf5) 13... dxe4 14. Bxc4+ Kg7 15. Ndxe4 (15. Ncxe4 Qxd4 16. Qe2 Rae8) 15...
Bxc3 (15... Qxd4 16. Nd6 Bxd6 17. Qxd4 Nxd4 18. Bxd6 $14) 16. Nxc3 Qxd4 17. Qa4
$6 (17. Qxd4 Nxd4 18. Bd6 $14) 17... Bc2 $1 18. Qxc2 Qxc4 19. Rfe1 Rad8 20.
Rad1 Ng6 21. Qa4 (21. Qf5 $5) 21... Qxa4 22. Nxa4 Rfe8 23. Kf1 Rxe1+ 24. Kxe1
Rxd1+ 25. Kxd1 Kf7 26. Kd2 {Ftacnik,L} 1/2-1/2

[Event "Dortmund"]
[Site "Dortmund"]
[Date "1994.??.??"]
[Round "2"]
[White "Karpov, Anatoly"]
[Black "Leko, Peter"]
[Result "1-0"]
[WhiteElo "2740"]
[BlackElo "2545"]
[Annotator "Ftacnik,L"]
[PlyCount "107"]
[EventDate "1994.07.??"]
[EventType "tourn"]
[EventRounds "9"]
[EventCountry "GER"]
[EventCategory "16"]
[SourceTitle "CBM 042"]
[Source "ChessBase"]
[SourceDate "1994.10.01"]
[SourceVersion "1"]
[SourceVersionDate "1994.10.01"]
[SourceQuality "1"]

1. Nf3 Nf6 2. c4 c5 3. Nc3 Nc6 4. e3 e6 5. d4 d5 6. cxd5 exd5 7. Bb5 Bd6 8. O-O
O-O 9. h3 cxd4 (9... Be6 10. dxc5 Bxc5 11. b3) 10. exd4 (10. Nxd4 Bd7 $10)
10... h6 11. Re1 Qc7 (11... Be6 12. Ne5 $1 $14) 12. Be3 Bd7 (12... a6 13. Bxc6
Qxc6 14. Ne5 $1) 13. Rc1 a6 14. Bd3 (14. Bxc6 Bxc6 15. Ne5 Bxe5 16. dxe5 Qxe5
$1 17. Bc5 Qg5 18. Bxf8 d4 19. g3 dxc3 20. Ba3 cxb2 21. Bxb2 Qf5 $36) 14...
Rfe8 15. a3 Rac8 16. b4 Bf4 17. Bxf4 Rxe1+ 18. Qxe1 Qxf4 19. Ne2 Qd6 20. Qd2
Ne7 21. Ng3 Rxc1+ 22. Qxc1 Nc6 23. Qc5 Qb8 (23... Qxc5 24. dxc5 $16) (23... Qc7
24. Ne5 $16) 24. Ne2 b6 25. Qc3 a5 $6 26. Ne5 $1 (26. bxa5 Nxa5 $14) 26... Qd6
(26... axb4 $4 27. Nxc6 $18) 27. Nxd7 $1 Nxd7 28. Bb5 Ndb8 (28... axb4 29. Qxc6
Qxc6 30. Bxc6 bxa3 31. Nc3 $18) 29. bxa5 bxa5 (29... Nxa5 30. Qc8+ Kh7 31. Be8
$1 $16) 30. Nc1 Qc7 31. Nb3 Qb6 32. a4 g6 33. h4 h5 (33... Kg7 34. h5 $16) 34.
Qc5 $1 Qxc5 35. dxc5 Kf8 (35... Kg7 36. f4 Kf6 37. Kf2 Kf5 38. Kf3 Ke6 39. Ke3
Kf5 40. Bxc6 Nxc6 41. Nd4+ Nxd4 42. Kxd4 $18) 36. f3 Ke7 37. Kf2 Kd8 38. Ke3
Kc7 39. g4 $1 f6 40. gxh5 gxh5 41. Kf4 Nd7 42. Kf5 Nce5 43. Be2 d4 44. Nxd4 $1
(44. f4 d3 $1 45. Bxh5 Nc4 $132) 44... Nxc5 45. f4 Ned7 46. Bxh5 Nxa4 47. Be8
Nac5 48. h5 a4 49. h6 Nf8 50. Kxf6 (50. Bxa4 Kd6 (50... Nxa4 51. Ne6+ $1 Nxe6
52. Kxe6 Nc5+ 53. Kxf6 Nd7+ 54. Kf7 $18) 51. Bb5 Ke7 {/\ Nb7-d6}) 50... a3 51.
Ke7 a2 52. Nc2 Nce6 53. Bf7 $1 Nd4 54. Kxf8 (54. Kxf8 Nxc2 55. Bxa2 $18) 1-0

[Event "Olympiad-29"]
[Site "Novi Sad"]
[Date "1990.11.21"]
[Round "5"]
[White "Ftacnik, Lubomir"]
[Black "Franco Ocampos, Zenon"]
[Result "1-0"]
[WhiteElo "2550"]
[BlackElo "2495"]
[Annotator "Ftacnik,L"]
[PlyCount "79"]
[EventDate "1990.11.17"]
[EventType "team-swiss"]
[EventRounds "14"]
[EventCountry "YUG"]
[SourceTitle "TD"]
[Source "ChessBase"]
[SourceDate "1994.03.01"]
[SourceVersion "1"]
[SourceVersionDate "1994.03.01"]
[SourceQuality "1"]
[WhiteTeam "Czechoslovakia"]
[BlackTeam "Paraguay"]
[WhiteTeamCountry "CSR"]
[BlackTeamCountry "PAR"]

1. Nf3 c5 2. c4 Nf6 3. Nc3 Nc6 4. e3 e6 5. d4 d5 6. cxd5 exd5 7. Be2 cxd4 8.
Nxd4 Bd6 9. O-O O-O 10. Bf3 Be5 11. Qd3 Re8 12. Rd1 Bg4 $5 (12... Qd6 {31/433})
13. Bxg4 (13. h3 Bxd4 14. exd4 (14. hxg4 Bxc3 15. Qxc3 Ne5) 14... Bxf3 15. Qxf3
$15) (13. Nxd5 $5 Nxd5 (13... Bxf3 14. Nxf3 Nxd5 15. Qxd5 Qb6 16. Nxe5 Nxe5 17.
Qb3 $14) 14. Bxg4 (14. Nxc6 $2 Bxh2+ 15. Kxh2 Qh4+ 16. Kg1 Bxf3 17. gxf3 bxc6
$17) 14... Nxd4 15. exd4 Nf6 16. Bf3 (16. dxe5 Qxd3 17. Rxd3 Nxg4 18. f4 Red8
$10) 16... Qxd4 $14) 13... Bxh2+ $5 (13... Nxg4 14. Nf3 Bxc3 15. Qxc3 Nf6 16.
b3 $14) 14. Kxh2 Nxg4+ 15. Kg1 (15. Kg3 $5 h5 $13 (15... Qd6+ 16. f4 h5 $13))
15... Qh4 16. Qf5 (16. Nf3 Qxf2+ 17. Kh1 Re5 $1 18. Nxe5 Qh4+ 19. Kg1 Qh2+ 20.
Kf1 Qh1+ $19) 16... Re5 (16... Qh2+ 17. Kf1 Qh1+ 18. Ke2 Qxg2 19. Qf3 $16) 17.
Qf4 (17. Qf3 $2 Rh5 $19) 17... Rh5 18. Kf1 Re8 $1 {[#]} 19. g3 $1 $8 (19. Nxc6
$2 Nh2+ 20. Kg1 Nf3+ 21. Kf1 Qxf4 22. exf4 Rh1#) (19. Qg3 Nh2+ 20. Ke1 (20. Kg1
Nf3+ 21. Kf1 Nfxd4 $19) 20... Nxd4 21. Qxh4 Rxh4 $17) (19. e4 g5 $1 20. Qg3 (
20. Qf5 Ne7) 20... Qxg3 21. fxg3 Rh1+ 22. Ke2 Rxd1 23. Kxd1 Nxd4 $17) (19. Ke2
Nxe3 $1 20. Qxh4 Nxd1+ 21. Kxd1 Rxh4 $19) 19... Qh3+ 20. Ke2 Nxd4+ (20... g5
21. Qf3 (21. Qf5 Nxe3 $1 22. Qxh3 (22. Bxe3 Nxd4+ $19) 22... Nxd1+ 23. Kxd1
Rxh3 $19) 21... Nxd4+ (21... Nge5 22. Qf6 Qg4+ 23. Kd2 Nxd4 24. exd4 Qxd4+ 25.
Kc2) 22. Rxd4 Nh2 23. Qf6 Qf1+ 24. Kd2 Qg2 25. Kc2 Nf3 26. Bd2) (20... Nh2 21.
Nxc6 (21. g4 Nxd4+ 22. Rxd4 Qf1+ 23. Kd2 Rh3 24. Kc2 Nf3 25. Rd1 Qxf2+ 26. Bd2)
21... bxc6 22. e4 Rf5 23. Qh4 Qg2 24. Be3) 21. Rxd4 (21. Qxd4 Nxf2 22. Rf1 Ne4
$40) 21... Nh2 22. Rxd5 $5 (22. g4 Qf1+ 23. Kd2 Rh3) 22... Qf1+ $2 (22... Rxd5
23. Nxd5 Qh5+ 24. g4 Qxd5 (24... Nxg4 25. Qf3 $18) 25. Qxh2 Rd8 26. Qg1 (26.
Kf1 Qd1+ (26... Qf3 $2 27. Bd2 $1) 27. Kg2 Qxg4+ 28. Qg3 Qe4+ 29. Kh2 (29. Qf3
Qg6+ 30. Kf1 Qa6+ $1) 29... h6 30. Qf4 Qg6) 26... Rd6 27. Qe1 $1 (27. f3 Qd3+
28. Kf2 Qc2+ 29. Kg3 Rd1 30. Qf2 Rxc1 $10) 27... Qd3+ (27... h5 28. Bd2 hxg4
29. Kd1 $16) 28. Kf3 h5 $1 $132) 23. Kd2 Rxd5+ 24. Nxd5 Qg2 (24... Rd8 25. e4
Qc4 26. a4 $1 $18) 25. e4 (25. Nc3 Nf3+ 26. Kc2 Qxf2+ 27. Kb1 g5 28. Qd6 h5 {
P h4}) 25... h5 26. Kc3 $6 (26. Ne3 $5 Qh1 (26... Nf3+ 27. Ke2 Ng1+ 28. Kd3 $18
) 27. b3 (27. Ke2 Rxe4 28. Qf5 (28. Bd2 Rxe3+ 29. Qxe3 Qxa1 30. Qe8+ Kh7 31.
Qxf7 Qf1+) 28... g6 29. Qf6 Re6 30. Qd8+ Kh7 $132) 27... Nf3+ 28. Kc2 Rc8+ 29.
Kb2 (29. Nc4 b5 30. Bb2 Qg2 $13) 29... Ne1 $1 30. Qd6 Qxe4 $40) 26... Qf1 (
26... Rxe4 $2 27. Qf5 $1 Re1 28. Bg5 Rxa1 29. Ne7+ Kh8 30. Qc8+ $18) 27. b3 Ng4
$1 (27... Rc8+ 28. Kb2 $18) 28. f3 $1 (28. Bb2 Qe2 29. Rc1 Nxf2 $40) 28... Ne5
(28... Nf2 29. Qd2 Rc8+ 30. Kb4 Nd3+ 31. Ka3) 29. Qd2 Qxf3+ (29... Rc8+ 30. Kb2
Nd3+ 31. Ka3 Rxc1 32. Rxc1 Qxc1+ (32... Nxc1 33. Ne7+ Kh7 34. Qd8) 33. Qxc1
Nxc1 34. Nf4 g5 35. Nxh5 $16) (29... Nxf3 30. Qe3 {P b2}) 30. Qe3 (30. Kb2 Nd3+
31. Ka3 Re6 $40) 30... Qg2 31. Ba3 (31. Bd2 $5 Nf3 32. Rd1 $16) 31... Rc8+ 32.
Bc5 $138 (32. Kb4 $5 Nc6+ 33. Kb5 (33. Ka4 a6 34. Nb6 (34. Ne7+ Nxe7 35. Bxe7
Qb2) 34... Re8 35. Re1 Qxa2) 33... Qc2) 32... Nc6 $2 $138 (32... Kh7 33. Ne7
Rc7 34. Kb4 Rxe7 (34... Qb2 35. Bd4) 35. Bxe7 Qb2 36. Rd1 Nc6+ 37. Kb5 Nxe7 38.
Rd2 $16) 33. Qd2 Qxg3+ (33... Qxe4 34. Re1 $18) 34. Kb2 Qe5+ 35. Qc3 Qh2+ (
35... Qxe4 36. Rg1 $18) 36. Ka3 b6 37. Rg1 $1 Ne5 38. Ne7+ Kh7 39. Nxc8 bxc5
40. Rc1 1-0

[Event "RUS-chT 12th"]
[Site "Sochi"]
[Date "2005.04.24"]
[Round "6"]
[White "Filippov, Valerij"]
[Black "Romanov, Evgeny"]
[Result "1-0"]
[WhiteElo "2621"]
[BlackElo "2437"]
[Annotator "Ftacnik,L"]
[PlyCount "73"]
[EventDate "2005.04.19"]
[EventType "team-tourn"]
[EventRounds "11"]
[EventCountry "RUS"]
[SourceTitle "EXT 2020"]
[Source "ChessBase"]
[SourceDate "2019.10.17"]
[SourceVersion "1"]
[SourceVersionDate "2019.10.17"]
[SourceQuality "1"]
[WhiteTeam "Kazan Ladya"]
[BlackTeam "Vladivostok Debiut-DVGU"]
[WhiteTeamCountry "RUS"]
[BlackTeamCountry "RUS"]

1. Nf3 c5 2. c4 Nc6 3. Nc3 Nf6 4. e3 e6 5. d4 d5 6. cxd5 exd5 7. Bb5 Bd6 8.
dxc5 Bxc5 9. O-O O-O 10. b3 Bg4 11. Bb2 a6 12. Be2 Ba7 13. Rc1 Qd6 (13... Rc8
14. Nd4 Ne5 15. Bxg4 Nexg4 16. Nf5 Bb8 17. g3 Qd7 18. Nxd5 Nxd5 19. Qxg4 f6 20.
Nh6+ {1-0 Efimov,I-Musa,I/Viareggio 1997/ (20)}) (13... Be6 14. Qd3 h6 15. Rfd1
Qe7 16. Nb1 Rfe8 17. Nbd2 Rad8 18. Nd4 Ne5 19. Nf5 Nxd3 20. Nxe7+ Rxe7 21. Bxd3
Bg4 {1/2-1/2 Lorenz,G-Bachmayr,P/Germany 1993/ (47)}) 14. Nd4 (14. h3 Be6 15.
Bd3 Rad8 16. Ne2 Ne4 17. Ned4 Ne5 18. Nxe5 Qxe5 19. Nc6 Qxb2 20. Nxd8 Rxd8 21.
Bxe4 {1-0 Portisch,L-Ligterink,G/Wijk aan Zee 1985/ (29)}) 14... Ne5 $2 {
Rather instructive mistake by black, white suddenly comes up with tactical
sequence involving exchange sacrifice.} (14... Bxd4 15. Bxg4 Be5 16. h3 d4 17.
exd4 Nxd4 $11) 15. f4 $1 Bxe2 (15... Bxd4 16. exd4 Bxe2 17. fxe5 Bxd1 18. exd6
Bg4 19. Rxf6 gxf6 20. Nxd5 $16) 16. fxe5 Bxd1 (16... Qxe5 17. Qxe2 $18) 17.
exd6 Bg4 18. Rxf6 $1 {[%mdl 1024] The key move of the whole combination,
Romanov will have hard time trying to prevent advance of the white d6 pawn.} (
18. Ba3 Bxd4 19. exd4 Rfc8 $11) 18... Bxd4 19. exd4 gxf6 20. Nxd5 Kg7 (20... f5
21. h3 Be2 22. Kf2 Bb5 23. Ne7+ Kg7 24. d5+ f6 25. Rc7 Rf7 26. Rxb7 Rd8 27.
Nxf5+ Kg6 28. Ne7+ Kg7 29. Bd4 $18) 21. h3 Bf5 (21... Be6 22. Ne7 Rfd8 23. d5
Bd7 24. Rc3 h5 25. Rg3+ Kh7 26. Bxf6 $18) 22. Rf1 Bd3 23. Rf3 Be4 24. Rg3+ Bg6
(24... Kh8 25. Nxf6 Bg6 26. d5 $18) 25. Nb6 $1 {Natural square for the knight,
from which it exerts good control and supports advance of the d pawn.} Rae8 (
25... Rac8 26. Nxc8 Rxc8 27. Ba3 $18) 26. d5 (26. d7 Re2 27. Ba3 (27. Rc3 Bf5
28. Ba3 Rd8 29. Rc8 Rxd7 30. Nxd7 Bxd7 31. Rd8 Bc6 $11) 27... Rd8 28. Bd6 Re6
29. Bc7 Rxb6 30. Bxd8 Rd6 31. Rf3 f5 32. Bc7 Rxd7 33. Bf4 $16) 26... Re2 (26...
Re1+ 27. Kh2 (27. Kf2 Rfe8 28. d7 R8e2+ 29. Kf3 Re3+ 30. Kf2 R3e2+ $11) 27...
Re2 28. Bd4 Rd8 29. d7 Re7 30. Rf3 Rexd7 31. Bxf6+ Kh6 32. Rf4 Bb1 33. Bxd8
Rxd8 34. a4 $18) 27. Bc3 Rd8 28. d7 Re7 (28... h5 29. Rf3 Re5 30. Bxe5 fxe5 31.
Rc3 Bf5 32. Rc8 $18) 29. Rf3 Rexd7 30. Rxf6 {It seems that more simple win
could have been achieved in the line 30.Bxf6+.} (30. Bxf6+ Kh6 (30... Kf8 31.
Nxd7+ Rxd7 32. Rc3 $18) 31. Rf4 $1 Rxd5 (31... Bb1 32. Bxd8 Rxd8 33. a4 $18)
32. Rh4+ Bh5 33. Bxd8 Rxd8 34. g4 $18) 30... Kg8 31. Nxd7 Rxd7 32. d6 Bb1 (
32... Kf8 33. Kf2 Ke8 34. Ke3 h5 35. Be5 Rd8 36. Kd4 Kd7 37. Rf4 Rc8 38. g4 $16
) 33. a3 Ba2 $6 34. b4 Be6 (34... Kf8 35. g4 $18) 35. Be5 Rd8 36. Kh2 Rc8 (
36... Kf8 37. g4 Ke8 38. Rh6 $18) 37. Rxe6 $1 {Filippov takes the chance to
finish the game with the small combination.} (37. Rxe6 $1 fxe6 38. Bf6 $18) 1-0

[Event "Sochi Chigorin Memorial"]
[Site "Sochi"]
[Date "1990.??.??"]
[Round "?"]
[White "Fischer, Johannes"]
[Black "Ruban, Vadim"]
[Result "0-1"]
[WhiteElo "2325"]
[BlackElo "2555"]
[Annotator "Ftacnik,L"]
[PlyCount "84"]
[EventDate "1990.10.??"]
[EventType "tourn"]
[EventRounds "11"]
[EventCountry "URS"]
[EventCategory "7"]
[SourceTitle "CBM 021"]
[Source "ChessBase"]
[SourceDate "1991.04.01"]
[SourceVersion "1"]
[SourceVersionDate "1991.04.01"]
[SourceQuality "1"]

1. d4 Nf6 2. Nf3 d5 3. c4 e6 4. e3 c5 5. Nc3 Nc6 6. dxc5 Bxc5 7. cxd5 exd5 8.
Be2 O-O 9. O-O a6 10. b3 Qd6 11. Bb2 Ba7 12. Rc1 Bg4 13. Rc2 Rad8 14. Rd2 Rfe8
15. h3 (15. Qa1 Bb8 16. g3 $13) 15... Bh5 (15... Bxf3 16. Bxf3 Bb8 17. g3 Qe6
18. Nxd5 Nxd5 19. Bxd5 Qxh3 20. Bxc6 Rxd2 21. Qxd2 bxc6 22. Qc3 Be5 23. Qxc6
Rc8 24. Qxc8+ Qxc8 25. Bxe5 $10) 16. Nh4 $6 Bb8 17. g3 Bxe2 (17... Bg6 18. Bf3)
18. Nxe2 Ne4 19. Bxg7 (19. Rd3 Qe6 20. Kh2 Ng5 $17) (19. Nf5 Qd7 20. Nxg7 Nxd2
21. Nxe8 Nf3+ 22. Kg2 Qxe8 $1 23. Nf4 Nfe5 $17) 19... Qe6 (19... Nxd2 20. Qxd2
Qe6 21. Bb2) (19... Kxg7 $2 20. Nf5+) 20. Bb2 Nxd2 21. Qxd2 (21. Nf4 Bxf4 22.
exf4 Ne4 $19) 21... Qxh3 22. e4 (22. Nf4 Bxf4 23. exf4 d4 $17) 22... Qg4 23.
Nf5 (23. f3 Qh5 24. Nf4 Qg5) (23. Qh6 Be5) 23... Qg6 24. Nh6+ Kf8 25. exd5 (25.
Ba3+ Bd6) 25... Ne5 26. Nd4 (26. Nf4 Qxh6 27. Ne6+ Rxe6 $19) 26... Rxd5 $1 27.
Ba3+ Bd6 28. Bxd6+ Qxd6 29. Nhf5 Nf3+ $1 (29... Qf6 $19) 30. Nxf3 Rxd2 31. Nxd6
Rxd6 $19 32. Rc1 Rc6 33. Rxc6 bxc6 34. Kf1 Ke7 35. Ke2 Kd6+ 36. Kd3 Kc5 37. a3
h6 38. Nd2 Re1 39. g4 Kd5 40. Nc4 Ra1 41. f4 Ke6 42. Kd4 f5 $1 {Ftacnik,L} 0-1